Guess the FC26 player by their stats - Statistics

General Stats
  • This quiz has been taken 163 times
  • The average score is 7 of 18
Answer Stats
PAC SHO PAS DRI DEF PHY Position Answer % Correct
97 90 81 92 37 76 ST Kylian Mbappe
100%
73 60 72 72 90 87 CB Virgil Van Dijk
79%
89 88 86 90 45 76 RW Mohammed Salah
69%
91 88 83 93 50 69 ST Dembele
52%
65 80 86 84 86 85 CDM Rodri
48%
95 84 81 91 29 69 LW Vinicius Jr
48%
80 86 83 90 78 85 CAM Jude Bellingham
41%
77 73 85 91 78 77 CM Pedri
36%
88 84 84 84 83 85 CM Federico Valverde
29%
95 65 76 82 80 77 LB Nuno Mendes
29%
76 72 89 80 80 74 RB Alexander-Arnold
25%
80 82 80 90 66 65 CAM Jamal Musiala
25%
90 86 73 81 36 91 ST Gyokeres
23%
66 83 92 84 65 72 CM Kevin De bruyne
22%
78 85 85 90 33 64 RW Lionel Messi
17%
76 88 76 80 34 76 ST Cristiano Ronaldo
15%
88 81 76 87 45 75 LM Luis Diaz
8%
77 86 85 88 59 73 ST Antoine Griezmann
6%
No matching quizzes found
Score Distribution
Percent of People with Each Score
Percentile by Number Answered
Your Score History
You have not taken this quiz